000
00331nam a2200133Ia 4500
005
20251222141934.0
008
251222s9999||||xx |||||||||||||| ||spa||
020
_a
84-89308-51-9
082
_a
269.2/D86/1992
100
_a
Doig Klinge, Germán
245
0
_a
De Río a Santo Domingo
264
_b
Vida y Espiritualidad
942
_c
LIB
999
_c
9121
_d
9121